| LEADER | 00911nam a2200277 i 4500 | ||
|---|---|---|---|
| 001 | 007724370-6 | ||
| 005 | 20024617121422.0 | ||
| 008 | 890731s1949 ja b 000 0 jpn | ||
| 010 | |a j 61001650 | ||
| 035 | 0 | |a ocm33584877 | |
| 040 | |a DLC |b jpn |c *LWU* |d NIC |d *YNH* |d CStRLIN | ||
| 050 | 0 | |a HQ503 |b .A55 | |
| 100 | 1 | |6 880-01 |a Aoyama, Michio, |d 1902- | |
| 245 | 1 | 0 | |6 880-02 |a Kazokushi no shomondai / |c Aoyama Michio cho. |
| 260 | |6 880-03 |a Tōkyō : |b Ryūginsha, |c Shōwa 24 [1949] | ||
| 300 | |a 2, 2, 219 p. ; |c 22 cm. | ||
| 504 | |a Bibliographical footnotes. | ||
| 653 | |6 880-04 |a Kazokuseido |a Rekishi. | ||
| 650 | 0 | |a Families |x History. | |
| 650 | 0 | |a Marriage |x History. | |
| 880 | 1 | |6 100-01 |a 青山道夫, |d 1902- | |
| 880 | 1 | 0 | |6 245-02 |a 家族史の諸問題 / |c 青山道夫著. |
| 880 | |6 260-03 |a 東京 : |b 龍吟社, |c 昭和24 [1949] | ||
| 880 | |6 653-04 |a 家族制度 |a 歴史. | ||
| 988 | |a 20021219 | ||
| 906 | |0 DLC | ||


